00679nam a2200169 a 4500003000200000005001700002008004100019050002800060100002100088245014100109260009000250300004000340504004100380650003400421650002600455650002800481020250317075246.0080924s19uu xx 00 eng d aPHS BF 575.A5b.Y1 2008 aYap, Rejeanne D. aLevels of anger management skills of male and female senior students of Southville International School and Colleges /cRejeanne D. Yap. aLas Piñas City, Philippines :bSouthville International School and Colleges,c2008. a24 pages :billustrations ;c28 cm. aIncludes bibliographical references. aAngerxPsychological aspects. aAnger in adolescence. aAngerxSex differences.